[Event "83rd ch-ESP 2018"]
[Site "Linares ESP"]
[Date "2018.08.23"]
[Round "4.3"]
[White "Cuenca Jimenez, J."]
[Black "Garcia Romero, B."]
[Result "1-0"]
[WhiteElo "2506"]
[BlackElo "2230"]
[PlyCount "51"]
[EventDate "2018.08.20"]
[EventType "swiss"]
[EventRounds "9"]
[EventCountry "ESP"]
[SourceTitle "The Week in Chess 1242"]
[Source "Mark Crowther"]
[SourceDate "2018.08.27"]
[SourceVersion "1"]
[SourceVersionDate "2018.08.27"]
[SourceQuality "2"]

1. Nf3 Nf6 2. c4 g6 3. g3 Bg7 4. Bg2 O-O 5. O-O Na6 6. d4 c6 7. Nc3 d5 8. cxd5
Nxd5 9. e4 Nb6 10. h3 Be6 11. a4 Nb4 12. a5 Nc4 13. Ra4 c5 14. dxc5 Nd3 15. Qe2
Qd7 16. e5 Ncxe5 17. Nxe5 Bxe5 18. c6 bxc6 19. Rd1 Nxc1 20. Qxe5 Nd3 21. Qe3
Rfd8 22. Bf1 Bf5 23. g4 Qb7 24. gxf5 Nxb2 25. Rb1 Qb3 26. Ra2 1-0

[Event "83rd ch-ESP 2018"]
[Site "Linares ESP"]
[Date "2018.08.24"]
[Round "5.1"]
[White "Salgado Lopez, I."]
[Black "Cuenca Jimenez, J."]
[Result "0-1"]
[WhiteElo "2643"]
[BlackElo "2506"]
[PlyCount "146"]
[EventDate "2018.08.20"]
[EventType "swiss"]
[EventRounds "9"]
[EventCountry "ESP"]
[SourceTitle "The Week in Chess 1242"]
[Source "Mark Crowther"]
[SourceDate "2018.08.27"]
[SourceVersion "1"]
[SourceVersionDate "2018.08.27"]
[SourceQuality "2"]

1. e4 e5 2. Nf3 Nc6 3. Bb5 a6 4. Ba4 Nf6 5. d3 d6 6. c3 g6 7. O-O Bg7 8. Re1
O-O 9. h3 b5 10. Bc2 Bb7 11. Be3 Nb8 12. Nbd2 Nbd7 13. a4 c6 14. b4 Qc7 15. Qb1
Nb6 16. a5 Nbd7 17. d4 exd4 18. cxd4 c5 19. Ra2 cxd4 20. Bxd4 Nh5 21. Bxg7 Nxg7
22. Bb3 Ne5 23. Nxe5 dxe5 24. Nf3 Qe7 25. Rc2 Rac8 26. Rxc8 Rxc8 27. Qb2 Re8
28. Qd2 Nh5 29. Ng5 Rf8 30. Rd1 Kg7 31. h4 h6 32. Nxf7 Rxf7 33. Bxf7 Kxf7 34.
f3 Nf4 35. g3 Ne6 36. Qxh6 Nd4 37. Qh7+ Kf6 38. Qh8+ Kf7 39. Kg2 Qf6 40. Qh7+
Qg7 41. Qxg7+ Kxg7 42. Kf2 Kf6 43. Rxd4 exd4 44. Ke2 Ke5 45. Kd3 Bc8 46. f4+
Kd6 47. Kxd4 Bg4 48. Ke3 Ke6 49. f5+ gxf5 50. Kf4 Bh3 51. exf5+ Bxf5 52. g4 Bc2
53. g5 Bd1 54. g6 Kf6 55. g7 Kxg7 56. Ke5 Kf7 57. Kd6 Kf6 58. Kc6 Ke6 59. Kb6
Kd5 60. Kxa6 Kc4 61. Kb6 Kxb4 62. a6 Kc4 63. a7 Bf3 64. h5 b4 65. h6 b3 66. h7
b2 67. h8=Q b1=Q+ 68. Kc7 Qb7+ 69. Kd6 Qb6+ 70. Ke7 Qc5+ 71. Kf7 Bh5+ 72. Kg8
Qd5+ 73. Kh7 Qf5+ 0-1

[Event "83rd ch-ESP 2018"]
[Site "Linares ESP"]
[Date "2018.08.25"]
[Round "6.1"]
[White "Cuenca Jimenez, J."]
[Black "Aroshidze, L."]
[Result "1/2-1/2"]
[WhiteElo "2506"]
[BlackElo "2504"]
[PlyCount "76"]
[EventDate "2018.08.20"]
[EventType "swiss"]
[EventRounds "9"]
[EventCountry "ESP"]
[SourceTitle "The Week in Chess 1242"]
[Source "Mark Crowther"]
[SourceDate "2018.08.27"]
[SourceVersion "1"]
[SourceVersionDate "2018.08.27"]
[SourceQuality "2"]

1. d4 Nf6 2. c4 e6 3. Nc3 Bb4 4. Qc2 O-O 5. Nf3 c5 6. dxc5 Na6 7. g3 Nxc5 8.
Bg2 Nce4 9. O-O Nxc3 10. bxc3 Be7 11. e4 d6 12. e5 dxe5 13. Nxe5 Qc7 14. Qe2
Nd7 15. Bf4 Nxe5 16. Bxe5 Bd6 17. Rfe1 Rb8 18. Rad1 Bxe5 19. Qxe5 Qxe5 20. Rxe5
b6 21. c5 f6 22. cxb6 axb6 23. Re2 Kf7 24. Rb2 e5 25. Bd5+ Ke7 26. f4 Bg4 27.
Re1 Be6 28. Bxe6 Kxe6 29. fxe5 f5 30. Rb5 Rfc8 31. a4 Rxc3 32. a5 Rc5 33. Reb1
Ra8 34. axb6 Rc2 35. R5b2 Ra1 36. Rxa1 Rxb2 37. Ra7 g6 38. Rxh7 Kxe5 1/2-1/2

[Event "83rd ch-ESP 2018"]
[Site "Linares ESP"]
[Date "2018.08.26"]
[Round "7.1"]
[White "Cuenca Jimenez, J."]
[Black "Del Rio de Angelis, S."]
[Result "1-0"]
[WhiteElo "2506"]
[BlackElo "2525"]
[PlyCount "95"]
[EventDate "2018.08.20"]
[EventType "swiss"]
[EventRounds "9"]
[EventCountry "ESP"]
[SourceTitle "The Week in Chess 1242"]
[Source "Mark Crowther"]
[SourceDate "2018.08.27"]
[SourceVersion "1"]
[SourceVersionDate "2018.08.27"]
[SourceQuality "2"]

1. d4 Nf6 2. c4 g6 3. Nc3 Bg7 4. e4 O-O 5. Nge2 d6 6. Ng3 a6 7. Be2 h5 8. h4 c5
9. d5 b5 10. cxb5 axb5 11. Nxb5 Ba6 12. a4 Ne8 13. Ra3 Nc7 14. O-O Nd7 15. Qc2
Bxb5 16. axb5 Rb8 17. Rb3 e5 18. Bg5 Bf6 19. Qd2 Bxg5 20. hxg5 f6 21. gxf6 Qxf6
22. Qh6 Qg7 23. Qxg7+ Kxg7 24. Ra1 Rb7 25. Nf1 Rfb8 26. Nd2 Nf6 27. Ra5 Kf8 28.
Kf1 Ke7 29. Ke1 h4 30. f3 Nd7 31. Nb1 Rh8 32. Bf1 Na8 33. Rba3 Nab6 34. Nd2 Kd8
35. Ra7 Kc7 36. R7a6 c4 37. Nxc4 h3 38. gxh3 Nxc4 39. Rc6+ Kb8 40. Rxc4 Nb6 41.
Rc6 Nc8 42. Kf2 g5 43. Rca6 Nb6 44. Rc3 Rh6 45. Rc6 Nc8 46. b6 Rf6 47. Bb5 Rf8
48. Rc3 1-0

[Event "83rd ch-ESP 2018"]
[Site "Linares ESP"]
[Date "2018.08.27"]
[Round "8.1"]
[White "Asis Gargatagli, H."]
[Black "Cuenca Jimenez, J."]
[Result "1-0"]
[WhiteElo "2515"]
[BlackElo "2506"]
[PlyCount "89"]
[EventDate "2018.08.20"]
[EventType "swiss"]
[EventRounds "9"]
[EventCountry "ESP"]
[SourceTitle "The Week in Chess 1242"]
[Source "Mark Crowther"]
[SourceDate "2018.08.27"]
[SourceVersion "1"]
[SourceVersionDate "2018.08.27"]
[SourceQuality "2"]

1. e4 e5 2. Nf3 Nc6 3. d4 exd4 4. Nxd4 Bc5 5. Be3 Qf6 6. c3 Nge7 7. Bc4 O-O 8.
O-O b6 9. Qd2 Qg6 10. Nxc6 Nxc6 11. Bxc5 bxc5 12. Na3 Rb8 13. f3 d6 14. Rae1
Ne5 15. Be2 f5 16. Nc4 Nf7 17. Bd3 fxe4 18. Bxe4 Qf6 19. Ne3 Be6 20. Qc2 g6 21.
Nd5 Bxd5 22. Bxd5 Rfe8 23. Qa4 Re5 24. Bb3 Re7 25. Re4 Kg7 26. Qxa7 Rbe8 27.
Qa4 Rd8 28. Rfe1 Rxe4 29. Qxe4 Rd7 30. Qe8 Rd8 31. Qe7 d5 32. Qxc5 c6 33. Qa7
Rd6 34. Qe3 Nd8 35. Qa7+ Nf7 36. c4 Qxb2 37. cxd5 cxd5 38. Qc5 Rd7 39. h3 d4
40. Re7 Rxe7 41. Qxe7 Qc1+ 42. Kf2 Qd2+ 43. Kg3 Qg5+ 44. Qxg5 Nxg5 45. h4 1-0

[Event "ch-ESP Rapid 2018"]
[Site "Linares ESP"]
[Date "2018.08.19"]
[Round "1.13"]
[White "Marino Bravo, Ma"]
[Black "Cuenca Jimenez, J."]
[Result "0-1"]
[WhiteElo "2083"]
[BlackElo "2506"]
[PlyCount "105"]
[EventDate "2018.08.19"]
[EventType "swiss (rapid)"]
[EventRounds "9"]
[EventCountry "ESP"]
[SourceTitle "The Week in Chess 1241"]
[Source "Mark Crowther"]
[SourceDate "2018.08.20"]
[SourceVersion "1"]
[SourceVersionDate "2018.08.20"]
[SourceQuality "2"]

1. e4 e5 2. Nf3 Nc6 3. Nc3 Nf6 4. Bb5 Bd6 5. d3 h6 6. O-O O-O 7. Ne2 Re8 8. Ng3
Bf8 9. Nf5 a6 10. Bc4 Na5 11. Bb3 Nxb3 12. axb3 d5 13. Bd2 dxe4 14. dxe4 Nxe4
15. Ne3 Nxd2 16. Qxd2 Qxd2 17. Nxd2 Be6 18. Rfe1 f6 19. Ndc4 Rad8 20. Red1 Kf7
21. Kf1 Be7 22. Na5 Rxd1+ 23. Rxd1 Bc8 24. Ke2 Bb4 25. Nac4 Be6 26. Nd5 Bxd5
27. Rxd5 Ke6 28. Rd1 f5 29. c3 Bd6 30. h3 g6 31. Na5 b6 32. Nc4 a5 33. Rd3 Rd8
34. Rg3 Kf6 35. Rd3 Be7 36. Rxd8 Bxd8 37. f3 Ke6 38. Kd3 Bg5 39. Na3 Kd5 40.
Nc4 e4+ 41. Ke2 a4 42. Na3 axb3 43. Nb5 c6 44. Nd4 Bc1 45. Nxb3 Bxb2 46. Kd2 c5
47. Kc2 Ba3 48. fxe4+ fxe4 49. Kd2 Kc4 50. Na1 Bb2 51. Nc2 Bxc3+ 52. Ke3 Kd5
53. Na3 0-1

[Event "ch-ESP Rapid 2018"]
[Site "Linares ESP"]
[Date "2018.08.19"]
[Round "3.10"]
[White "Merario Alarcon, Andres"]
[Black "Cuenca Jimenez, J."]
[Result "0-1"]
[WhiteElo "2406"]
[BlackElo "2506"]
[PlyCount "58"]
[EventDate "2018.08.19"]
[EventType "swiss (rapid)"]
[EventRounds "9"]
[EventCountry "ESP"]
[SourceTitle "The Week in Chess 1241"]
[Source "Mark Crowther"]
[SourceDate "2018.08.20"]
[SourceVersion "1"]
[SourceVersionDate "2018.08.20"]
[SourceQuality "2"]

1. d4 Nf6 2. c4 g6 3. f3 Bg7 4. e4 d6 5. Nc3 O-O 6. Nge2 c5 7. d5 e6 8. Ng3
exd5 9. cxd5 a6 10. a4 h5 11. Bg5 Nbd7 12. Be2 Re8 13. Qd2 Qa5 14. O-O Nh7 15.
Bh6 Bxh6 16. Qxh6 Qb4 17. Rfd1 Qxb2 18. Rac1 Ndf6 19. h3 Qb6 20. f4 c4+ 21. Kh2
Qe3 22. Nf1 Qf2 23. Bf3 Kh8 24. f5 gxf5 25. Nd2 Rg8 26. Qf4 Rxg2+ 27. Kh1 Rg3
28. Qh4 Rg1+ 29. Rxg1 Qxh4 0-1

[Event "ch-ESP Rapid 2018"]
[Site "Linares ESP"]
[Date "2018.08.19"]
[Round "4.5"]
[White "Cuenca Jimenez, J."]
[Black "Santos Latasa, J."]
[Result "0-1"]
[WhiteElo "2506"]
[BlackElo "2582"]
[PlyCount "96"]
[EventDate "2018.08.19"]
[EventType "swiss (rapid)"]
[EventRounds "9"]
[EventCountry "ESP"]
[SourceTitle "The Week in Chess 1241"]
[Source "Mark Crowther"]
[SourceDate "2018.08.20"]
[SourceVersion "1"]
[SourceVersionDate "2018.08.20"]
[SourceQuality "2"]

1. e4 e5 2. Nf3 Nc6 3. Bb5 a6 4. Ba4 Nf6 5. O-O Be7 6. Re1 b5 7. Bb3 d6 8. c3
O-O 9. h3 Nb8 10. d4 Nbd7 11. c4 c6 12. Qc2 Bb7 13. Nc3 b4 14. Ne2 exd4 15.
Nexd4 g6 16. Ba4 Qc7 17. Bh6 Rfe8 18. Ne2 Bf8 19. Bxf8 Kxf8 20. Ng3 Nc5 21. Re2
Kg7 22. Rae1 Nfd7 23. Bb3 a5 24. Qd2 Ne5 25. Nd4 Bc8 26. Qg5 Qd8 27. Nh5+ Kh8
28. Qf6+ Qxf6 29. Nxf6 Rf8 30. f4 Ned3 31. Rf1 Kg7 32. e5 dxe5 33. fxe5 Be6 34.
Nf3 a4 35. Bd1 Bxc4 36. Rd2 Bxa2 37. Be2 Nf4 38. Nd4 Nxe2+ 39. Nxe2 Rfd8 40.
Rc2 Nd3 41. Rxc6 Nxe5 42. Rc7 Rac8 43. Rxc8 Rxc8 44. Nd4 Bc4 45. Rf2 a3 46.
bxa3 bxa3 47. Ne4 a2 48. Nc2 Bd3 0-1

[Event "ch-ESP Rapid 2018"]
[Site "Linares ESP"]
[Date "2018.08.19"]
[Round "7.27"]
[White "Sanjuan Garcia, M."]
[Black "Cuenca Jimenez, J."]
[Result "1-0"]
[WhiteElo "2115"]
[BlackElo "2506"]
[PlyCount "133"]
[EventDate "2018.08.19"]
[EventType "swiss (rapid)"]
[EventRounds "9"]
[EventCountry "ESP"]
[SourceTitle "The Week in Chess 1241"]
[Source "Mark Crowther"]
[SourceDate "2018.08.20"]
[SourceVersion "1"]
[SourceVersionDate "2018.08.20"]
[SourceQuality "2"]

1. e4 e5 2. Nc3 Nf6 3. g3 Bc5 4. Bg2 d6 5. Nge2 a6 6. d3 Nc6 7. Nd5 h6 8. Be3
O-O 9. Bxc5 dxc5 10. Nxf6+ Qxf6 11. O-O Be6 12. f4 Bg4 13. Qe1 Bxe2 14. Qxe2
exf4 15. gxf4 Qxb2 16. Rab1 Qd4+ 17. Kh1 Rab8 18. Rg1 b5 19. Qg4 g6 20. Rbf1
Rb6 21. Qh3 Qg7 22. e5 f5 23. Bd5+ Kh7 24. Qg2 Ne7 25. Bb3 Rc6 26. c3 c4 27.
dxc4 bxc4 28. Bc2 Qf7 29. Rd1 Qe6 30. Rd4 Rb6 31. Rgd1 Rb2 32. Bxf5 Nxf5 33.
Rd7+ Kg8 34. Qxb2 Ne3 35. R1d4 Qh3 36. Qe2 Nf5 37. Qxc4+ Kh8 38. Qd3 Qh4 39.
Rd8 Qe1+ 40. Kg2 Nxd4 41. Rxf8+ Kg7 42. Rd8 Qe2+ 43. Qxe2 Nxe2 44. Kf3 Nxc3 45.
Rd7+ Kf8 46. Rxc7 Nxa2 47. Ra7 Nb4 48. Ke4 h5 49. e6 Ke8 50. f5 gxf5+ 51. Kxf5
h4 52. Kf6 Nd5+ 53. Ke5 Ne3 54. Rxa6 h3 55. Kf6 Ng4+ 56. Kg5 Nxh2 57. Ra3 Ke7
58. Kf5 Nf1 59. Rxh3 Nd2 60. Rh7+ Ke8 61. e7 Kd7 62. Kf6 Ne4+ 63. Ke5 Nc5 64.
Kd5 Nd3 65. Kd4 Nf4 66. Ke5 Nd3+ 67. Ke4 1-0

[Event "Portuguese Top League"]
[Site "Maia POR"]
[Date "2018.07.16"]
[Round "1.1"]
[White "Vavulin, M."]
[Black "Cuenca Jimenez, J."]
[Result "1-0"]
[WhiteElo "2552"]
[BlackElo "2513"]
[PlyCount "139"]
[EventDate "2018.07.16"]
[EventType "team"]
[EventRounds "9"]
[EventCountry "POR"]
[SourceTitle "The Week in Chess 1237"]
[Source "Mark Crowther"]
[SourceDate "2018.07.23"]
[SourceVersion "1"]
[SourceVersionDate "2018.07.23"]
[SourceQuality "2"]
[WhiteTeam "GX Porto_A"]
[BlackTeam "ADRC Mata de Benfica_A"]

1. e4 e5 2. Nf3 Nc6 3. d4 exd4 4. Nxd4 Bc5 5. Nb3 Bb6 6. Nc3 Nf6 7. Bg5 h6 8.
Bh4 d6 9. Qe2 Be6 10. Nd5 g5 11. Bg3 O-O 12. Nc3 a5 13. Na4 Bxb3 14. axb3 Nxe4
15. O-O-O Re8 16. Qf3 Qf6 17. Nxb6 cxb6 18. Qxf6 Nxf6 19. f3 d5 20. Bc7 a4 21.
bxa4 Rxa4 22. Bxb6 Ra1+ 23. Kd2 Ra2 24. Rb1 Nd7 25. Bf2 Nde5 26. Be2 Nc4+ 27.
Bxc4 dxc4 28. h4 Ra5 29. Rbe1 Rd5+ 30. Kc3 Red8 31. Bb6 R8d6 32. Re4 Rd2 33.
Rh2 Nb4 34. Be3 Na2+ 35. Kxc4 Rc6+ 36. Kb3 Nc1+ 37. Ka3 Rdxc2 38. hxg5 Ra6+ 39.
Ra4 Rxa4+ 40. Kxa4 hxg5 41. Bxg5 Kg7 42. Bxc1 Rxc1 43. Rh4 Kf6 44. Rg4 Ke6 45.
Ka5 Rc6 46. Rg5 Kd7 47. b4 Ra6+ 48. Kb5 Rc6 49. Rf5 f6 50. Rd5+ Ke6 51. Rc5 Rd6
52. Rc7 Rd2 53. Rg7 f5 54. Kb6 Kf6 55. Rg8 f4 56. b5 Rd7 57. Ka7 Ke5 58. b6 Kd4
59. Re8 Rf7 60. Rc8 Rg7 61. Re8 Rf7 62. Re1 Kd3 63. Rc1 Rg7 64. Rc7 Rxg2 65.
Kxb7 Rf2 66. Kc8 Rb2 67. b7 Ke2 68. Rc3 Kd2 69. Ra3 Rc2+ 70. Kb8 1-0

[Event "Portuguese Top League"]
[Site "Maia POR"]
[Date "2018.07.17"]
[Round "2.1"]
[White "Cuenca Jimenez, J."]
[Black "Silva, Luis"]
[Result "0-1"]
[WhiteElo "2513"]
[BlackElo "2360"]
[PlyCount "176"]
[EventDate "2018.07.16"]
[EventType "team"]
[EventRounds "9"]
[EventCountry "POR"]
[SourceTitle "The Week in Chess 1237"]
[Source "Mark Crowther"]
[SourceDate "2018.07.23"]
[SourceVersion "1"]
[SourceVersionDate "2018.07.23"]
[SourceQuality "2"]
[WhiteTeam "ADRC Mata de Benfica_A"]
[BlackTeam "CX A2D_A"]

1. c4 e6 2. Nf3 d5 3. d4 Nf6 4. Nc3 a6 5. cxd5 exd5 6. Bg5 Be6 7. e3 Nbd7 8.
Bd3 Bd6 9. O-O c6 10. Qc2 Qc7 11. Bf5 Bxf5 12. Qxf5 O-O 13. Rac1 Rfe8 14. Bh4
h6 15. Bg3 Bxg3 16. hxg3 Qd6 17. Qf4 Qb4 18. Rc2 Re6 19. a3 Qe7 20. Qc7 Nf8 21.
Qxe7 Rxe7 22. b4 N8d7 23. a4 Nb6 24. Nd2 Ne8 25. a5 Nd7 26. Na4 Nd6 27. Nc5 Nf6
28. Rfc1 Nfe4 29. Ndb3 h5 30. Nd3 g6 31. Nbc5 Kg7 32. Nf4 Nf5 33. Rb2 Kh6 34.
Nfd3 Nfd6 35. Rbc2 Kg7 36. Re1 Nc4 37. Nxe4 Rxe4 38. Nc5 Re7 39. e4 Nd6 40. e5
Nf5 41. Rd2 Rae8 42. Rd3 g5 43. Kh2 Kg6 44. f3 Rh8 45. Rc1 Rc8 46. g4 hxg4 47.
fxg4 Rh8+ 48. Kg1 Nh6 49. Rh3 Rh7 50. Rg3 f5 51. exf6 Kxf6 52. Rf1+ Kg7 53.
Rff3 Rh8 54. Re3 Rhe8 55. Rxe7+ Rxe7 56. Kf1 Ng8 57. Rf3 Nf6 58. Rf5 Ne4 59.
Kg1 Nxc5 60. bxc5 Re4 61. Rxg5+ Kf6 62. Rg8 Rxd4 63. g5+ Kf7 64. Rb8 Rb4 65.
Kf2 Kg6 66. Rg8+ Kf5 67. g6 Kf6 68. Kf3 Rc4 69. Rb8 Rb4 70. Rg8 Kg5 71. g3 Rb3+
72. Kg2 Rb5 73. Kf3 Rxa5 74. g7 Kf6 75. Rb8 Kxg7 76. Rxb7+ Kf6 77. Rb6 Rxc5 78.
Rxa6 Rc3+ 79. Kf4 Rc4+ 80. Kf3 Ke5 81. Ra3 c5 82. Re3+ Re4 83. Ra3 c4 84. Ra8
c3 85. Rc8 Kd4 86. g4 Kd3 87. g5 c2 88. g6 Rc4 0-1

[Event "Portuguese Top League"]
[Site "Maia POR"]
[Date "2018.07.17"]
[Round "3.1"]
[White "Iturrizaga, E."]
[Black "Cuenca Jimenez, J."]
[Result "1/2-1/2"]
[WhiteElo "2652"]
[BlackElo "2513"]
[PlyCount "84"]
[EventDate "2018.07.16"]
[EventType "team"]
[EventRounds "9"]
[EventCountry "POR"]
[SourceTitle "The Week in Chess 1237"]
[Source "Mark Crowther"]
[SourceDate "2018.07.23"]
[SourceVersion "1"]
[SourceVersionDate "2018.07.23"]
[SourceQuality "2"]
[WhiteTeam "AX Gaia_A"]
[BlackTeam "ADRC Mata de Benfica_A"]

1. c4 e6 2. g3 d5 3. Bg2 Nf6 4. Nf3 Be7 5. O-O O-O 6. b3 c5 7. Bb2 d4 8. e3 Nc6
9. exd4 cxd4 10. Re1 Ng4 11. d3 Rb8 12. Nbd2 f6 13. a3 a5 14. Rc1 e5 15. Nh4
Kh8 16. Bd5 Bc5 17. Ng2 Ne7 18. Bf3 Nh6 19. Ne4 Ba7 20. b4 Nf7 21. Qd2 h6 22.
Qe2 Bd7 23. h4 Qc7 24. Nd2 Rbe8 25. c5 axb4 26. axb4 f5 27. Nc4 Bb8 28. Qd2 Bc6
29. Bh5 Nd5 30. Na5 Nf6 31. Bg6 Bd7 32. b5 Bxb5 33. Bxf5 Bd7 34. Bg6 Bg4 35.
Ba3 Bf3 36. c6 bxc6 37. Bxf8 Rxf8 38. Qb4 Qc8 39. Kh2 Ng4+ 40. Kg1 Nf6 41. Kh2
Ng4+ 42. Kg1 Nf6 1/2-1/2

[Event "Portuguese Top League"]
[Site "Maia POR"]
[Date "2018.07.18"]
[Round "4.1"]
[White "Cuenca Jimenez, J."]
[Black "Spraggett, K."]
[Result "1/2-1/2"]
[WhiteElo "2513"]
[BlackElo "2530"]
[PlyCount "135"]
[EventDate "2018.07.16"]
[EventType "team"]
[EventRounds "9"]
[EventCountry "POR"]
[SourceTitle "The Week in Chess 1237"]
[Source "Mark Crowther"]
[SourceDate "2018.07.23"]
[SourceVersion "1"]
[SourceVersionDate "2018.07.23"]
[SourceQuality "2"]
[WhiteTeam "ADRC Mata de Benfica_A"]
[BlackTeam "AXPortugal/Atlantidiagonal_A"]

1. d4 Nf6 2. c4 e6 3. Nc3 Bb4 4. Qc2 c5 5. dxc5 Qc7 6. Nf3 Bxc5 7. g3 a6 8. Bg2
h6 9. O-O d6 10. b3 Nc6 11. Bb2 O-O 12. Na4 e5 13. Nxc5 dxc5 14. e3 Re8 15. a3
a5 16. Nd2 a4 17. bxa4 Qa5 18. Bc3 Qxa4 19. Qb2 Re7 20. Qb5 Nd7 21. Rfd1 Qc2
22. Ne4 Rxa3 23. Rac1 Qa4 24. Bb2 Ra2 25. Nd6 Qa8 26. Qb3 Ra6 27. Nb5 Nf8 28.
Rd2 Qb8 29. Nc3 Be6 30. Nd5 Re8 31. Bc3 Nd7 32. Rb1 Nd8 33. Qc2 b6 34. Qb3 Qa7
35. Qb5 Ra3 36. Qb2 Ra4 37. Qb5 Ra3 38. Qb2 Ra4 39. Qb3 Ra3 40. Qc2 f6 41. h4
Ra6 42. Qb2 Nf7 43. Qb5 Ra3 44. Qb2 Ra4 45. Qb3 Ra3 46. Qc2 Ra6 47. Kh2 Nf8 48.
Qb2 Rb8 49. Qc2 Ra3 50. Bf3 Kh8 51. Bg2 Kg8 52. Qb2 Ra4 53. Qb3 Ra3 54. Qc2 Kh8
55. Bb2 Ra4 56. Qb3 b5 57. cxb5 Rb4 58. Qc2 R4xb5 59. Ra1 Ra5 60. Rxa5 Qxa5 61.
Bc3 Qa7 62. Qa2 Qxa2 63. Rxa2 Rd8 64. Rd2 Rb8 65. Nc7 Bc4 66. Rc2 Bd3 67. Ra2
Nd6 68. Nd5 1/2-1/2

[Event "Portuguese Top League"]
[Site "Maia POR"]
[Date "2018.07.19"]
[Round "6.1"]
[White "Cuenca Jimenez, J."]
[Black "Galego, L."]
[Result "1-0"]
[WhiteElo "2513"]
[BlackElo "2471"]
[PlyCount "175"]
[EventDate "2018.07.16"]
[EventType "team"]
[EventRounds "9"]
[EventCountry "POR"]
[SourceTitle "The Week in Chess 1237"]
[Source "Mark Crowther"]
[SourceDate "2018.07.23"]
[SourceVersion "1"]
[SourceVersionDate "2018.07.23"]
[SourceQuality "2"]
[WhiteTeam "ADRC Mata de Benfica_A"]
[BlackTeam "Assembleia Figueirense_A"]

1. d4 Nf6 2. c4 e6 3. Nc3 Bb4 4. Qc2 c5 5. dxc5 Qa5 6. Bd2 Na6 7. a3 Nxc5 8. f3
d6 9. Rd1 Bxc3 10. Bxc3 Qc7 11. Qd2 Ke7 12. Bxf6+ gxf6 13. e3 a5 14. Ne2 a4 15.
Nc3 Bd7 16. Be2 h5 17. O-O h4 18. f4 f5 19. Bf3 Bc6 20. Qe2 Bxf3 21. gxf3 Qc6
22. Kf2 Nb3 23. Nb5 Rad8 24. Rg1 Na5 25. Rc1 Nb3 26. Rc2 Rhg8 27. Qe1 Qc5 28.
Ke2 Rh8 29. Rg7 d5 30. Qg1 Rh6 31. Qg5+ Rf6 32. Kf2 d4 33. exd4 Nxd4 34. Nxd4
Qxd4+ 35. Kg2 Rh8 36. Kh3 Qe3 37. Rc3 Qd2 38. Qg1 Qxf4 39. Qb6 Rd8 40. Qb4+ Qd6
41. Qxb7+ Kf8 42. Rg2 Qc5 43. Qb4 Rc8 44. Qxa4 Rb8 45. Rb3 Rc8 46. Qb4 e5 47.
Qxc5+ Rxc5 48. Rc3 e4 49. f4 Rfc6 50. Rgc2 Rd6 51. b4 Rd3+ 52. Kxh4 Rc6 53.
Rxd3 exd3 54. Rd2 Rxc4 55. Rxd3 Rxf4+ 56. Kg3 Rg4+ 57. Kf2 Rc4 58. h3 Ke7 59.
Ke3 Rc2 60. Kd4 Kd6 61. b5 f4 62. a4 Ra2 63. Kc4+ Ke5 64. Kb4 Ke4 65. Rd1 f3
66. Kb3 Re2 67. b6 f2 68. Rf1 Kf3 69. b7 Re1 70. Rxf2+ Kxf2 71. Kc2 Re2+ 72.
Kc3 Re3+ 73. Kc4 Re4+ 74. Kc5 Rxa4 75. b8=Q Rh4 76. Qf8 Rxh3 77. Qxf7+ Rf3 78.
Qd5 Ke3 79. Qd4+ Ke2 80. Kc4 Re3 81. Qg4+ Kf2 82. Kd4 Ra3 83. Qf4+ Kg2 84. Qc1
Rh3 85. Ke4 Rh4+ 86. Ke3 Rh3+ 87. Ke2 Kg3 88. Qg5+ 1-0

[Event "Portuguese Top League"]
[Site "Maia POR"]
[Date "2018.07.22"]
[Round "9.1"]
[White "Zelbel, P."]
[Black "Cuenca Jimenez, J."]
[Result "1-0"]
[WhiteElo "2418"]
[BlackElo "2513"]
[PlyCount "107"]
[EventDate "2018.07.16"]
[EventType "team"]
[EventRounds "9"]
[EventCountry "POR"]
[SourceTitle "The Week in Chess 1237"]
[Source "Mark Crowther"]
[SourceDate "2018.07.23"]
[SourceVersion "1"]
[SourceVersionDate "2018.07.23"]
[SourceQuality "2"]
[WhiteTeam "CX Montemor-O-Velho_A"]
[BlackTeam "ADRC Mata de Benfica_A"]

1. e4 e5 2. Nf3 Nc6 3. Bc4 Bc5 4. c3 Nf6 5. d4 exd4 6. e5 d5 7. Be2 Ne4 8. cxd4
Bb6 9. O-O O-O 10. Nc3 Be6 11. Be3 f5 12. exf6 Qxf6 13. Rc1 h6 14. Na4 Rad8 15.
a3 Bg4 16. Nxb6 axb6 17. b4 Bxf3 18. Bxf3 Rf7 19. Re1 Re7 20. Re2 Qf7 21. Rec2
Nd6 22. Rc3 Na7 23. Bh5 g6 24. Be2 Ne4 25. R3c2 Kh7 26. a4 Nc6 27. b5 Na5 28.
Rb1 Nd6 29. Qc1 Nf5 30. Bd3 Rdd7 31. Bxf5 Qxf5 32. Bxh6 Nc4 33. Rc3 Re2 34. Rf3
Qe6 35. Bg5 Rf7 36. Rxf7+ Qxf7 37. Qf4 Qxf4 38. Bxf4 c6 39. g3 c5 40. dxc5 bxc5
41. Rd1 g5 42. Bxg5 Kg6 43. Bf4 d4 44. Rc1 Nb2 45. Rxc5 Nxa4 46. Rc4 Nc3 47.
Rxd4 Rb2 48. Rd6+ Kf5 49. b6 Ne4 50. Rd5+ Kg4 51. Be3 Nc3 52. Rc5 Nd1 53. Bd4
Rd2 54. Kg2 1-0

[Event "53rd Capablanca Mem Open"]
[Site "Havana CUB"]
[Date "2018.05.11"]
[Round "3.4"]
[White "Cuenca Jimenez, J."]
[Black "Ortiz Suarez, I."]
[Result "1/2-1/2"]
[WhiteElo "2499"]
[BlackElo "2556"]
[PlyCount "51"]
[EventDate "2018.05.09"]
[EventType "swiss"]
[EventRounds "10"]
[EventCountry "CUB"]
[SourceTitle "The Week in Chess 1227"]
[Source "Mark Crowther"]
[SourceDate "2018.05.14"]
[SourceVersion "1"]
[SourceVersionDate "2018.05.14"]
[SourceQuality "2"]

1. d4 d5 2. c4 c6 3. Nf3 Nf6 4. e3 Bf5 5. Nc3 e6 6. Bd3 Bxd3 7. Qxd3 Nbd7 8.
O-O Bb4 9. Bd2 a5 10. a3 Bxc3 11. Bxc3 Ne4 12. Nd2 Nxd2 13. Bxd2 O-O 14. a4 Qb6
15. b3 Rfd8 16. Rfd1 Nf6 17. Rac1 Rd7 18. Be1 h6 19. c5 Qd8 20. f3 Re7 21. Bg3
Nd7 22. e4 Re8 23. Bd6 dxe4 24. fxe4 e5 25. d5 Nf6 26. dxc6 1/2-1/2

[Event "86th ch-ESP 2021"]
[Site "Linares ESP"]
[Date "2021.08.17"]
[Round "2.9"]
[White "Cuenca Jimenez, J."]
[Black "Alvarez Serrano, C."]
[Result "1-0"]
[WhiteElo "2542"]
[BlackElo "2237"]
[PlyCount "47"]
[EventDate "2021.08.16"]
[SourceVersionDate "2018.05.14"]

1. d4 Nf6 2. c4 e6 3. g3 d5 4. Nf3 Bb4+ 5. Bd2 Bd6 6. Nc3 O-O 7. Bg5 Be7 8. Bg2
Nbd7 9. cxd5 exd5 10. O-O c6 11. Qc2 Ne4 12. Bc1 Nxc3 13. bxc3 Nb6 14. Nd2 g6
15. a4 Bf5 16. Qb3 Qd7 17. a5 Nc8 18. c4 dxc4 19. Nxc4 Bf6 20. Bh6 Re8 21. e3
Re7 22. Ne5 Bxe5 23. dxe5 Be6 24. Qb4 1-0